| 000 | 01431cam a22002294a 4500 | ||
|---|---|---|---|
| 005 | 20250605163926.0 | ||
| 008 | 250528s ||||||||||||||||||||||||d | ||
| 035 | _a14554 | ||
| 020 | _a155934427 | ||
| 040 |
_aGR-AtMCL _bgre _dGR-AtMCL _eAACR2 |
||
| 245 | 1 | _aPsychological Testing and Assessment : An Introduction to Tests and Measurement | |
| 250 | _a3rd | ||
| 260 |
_bMayfield Publishing Company, _c1996 |
||
| 300 | _a836 | ||
| 520 | _aPreface, An Overview, Psychological Testing and Assessment, Historical and Cultural and Legal and Ethical Considerations, The Science of Psychological Measurement, A Statistics Refresher, Norms and Correlation and Regression, Reliability, Validity, Test Development, The Assessment of Intelligence, Intelligence and Its Measurement, Tests of Intelligence, Educational Assessment, Personality Assessment, Personal Assessment: Overview and Objective Methods, Projective Methods, Other Personality and Behavioral Methods, Testing and Assessment in Action, Clinical and Counseling Assessment, Neuropsychological Assessment, The Assessment of People with Disabling Conditions, Industrial and Organizational Assessment, Consumer Assessment, Computer-Assisted Psychological Assessment, References, Name and Subject Index. | ||
| 700 | 1 |
_aCohen Ronald Jay _9265 |
|
| 700 | 1 |
_aPhillips Suzanne M _9266 |
|
| 700 | 1 |
_aSwerdlik Mark E _9267 |
|
| 942 | _cBK | ||
| 999 |
_c178 _d178 |
||